书目信息 |
| 题名: |
感觉世界
|
|
| 作者: | 贝纳特 著 ;旦明 译 | |
| 分册: | ||
| 出版信息: | 北京 科学出版社 1983 |
|
| 页数: | 271页 | |
| 开本: | 21cm | |
| 丛书名: | ||
| 单 册: | ||
| 中图分类: | B842.2 | |
| 科图分类: | ||
| 主题词: | 知觉--理论 | |
| 电子资源: | ||
| ISBN: | ||
| 000 | 00756nam0 2200253 45 | |
| 001 | 0183005880 | |
| 005 | 20060727174416.35 | |
| 010 | @dCNY1.65 | |
| 091 | @aCN@b13031.2269 | |
| 100 | @a19950720d1983 em y0chiy0121 ea | |
| 101 | 1 | @achi@ceng |
| 102 | @aCN@b110000 | |
| 105 | @ay z 000yy | |
| 200 | 10 | @a感觉世界@Agan jue shi jie@e感觉和知觉导论@f(美)托马斯 L·贝纳特著@F(mei)tuo ma si L·bei na te zhu@g旦明译 |
| 210 | @a北京@c科学出版社@d1983 | |
| 215 | @a271页@d21cm | |
| 517 | 1 | @a感觉和知觉导论@Agan jue he zhi jue dao lun |
| 606 | @a知觉@x理论 | |
| 690 | @aB842.2@v3 | |
| 701 | 0 | @a贝纳特@Abei na te@4著 |
| 702 | 0 | @a旦明@Adan ming@4译 |
| 801 | 0 | @aCN@b上海图书馆@c20060727 |
| 801 | 2 | @aCN@bNLC@c20060104 |
| 905 | @f1@b90165@dB842.2@e64 | |
| 感觉世界:感觉和知觉导论/(美)托马斯 L·贝纳特著/旦明译.-北京:科学出版社,1983 |
| 271页;21cm |
| ISBN :CNY1.65 |
| ● |
| 相关链接 |
|
|
|
|
正题名:感觉世界
索取号:B842.2/64
 
预约/预借
| 序号 | 登录号 | 条形码 | 馆藏地/架位号 | 状态 | 备注 |
| 1 | 0090165 | 000504332 | 第一借阅区/ [索取号:B842.2/64] | 在馆 | |
| 2 | 0090166 | 001624629 | 密集书库/ [索取号:B842.2/64] | 在馆 | |
| 3 | 0090167 | 202185296 | 密集书库/ [索取号:B842.2/64] | 在馆 | |
| 4 | 0440170 | 204401708 | 密集书库/ [索取号:B842.2/64] | 在馆 |